000
00267 a2200097 4500
001
32862
100
_a
Sharma, P.C
245
_a
Textbook of Production Technology ; manufacturing processes
260
_a
New Delhi
_b
S.Chand & Company Ltd
_c
2004
090
_c
22035
_d
22035
942
_a
NUST-CAE
_c
M
_c
13376
999
_c
267935
_d
267935